Een geur van verbrande veren

Bibliographic Details
Main Author: Bakker, Martinus Arnoud, 1933-2020 (Author)
Format: Article
Language:Slovak
Subjects:

MARC

LEADER 00000nab a2200000 a 4500
001 vtls000484334
003 SK-MaSNL
005 20260303220726.0
008 230313c1993 xo 0 slo
015 |a SNBRB19rr/mm-uuuuu 
035 |a CL0484469 
035 |a urn:nbn:sk:snk-abbnfm 
035 |a (urnnbn)urn:nbn:sk:snk:ar-0049gg 
035 |a (uuid)e0058b67-53cd-4154-af61-e63b8e72e952 
040 |a SNKBUCL  |b slo  |c SNKBUCL  |e AACR2 
041 0 |a slo 
044 |a xo  |c SK 
080 |a 82.09:839.31-1(048)  |2 1981 
080 |a 839.31-1(048)  |2 1981 
100 1 |a Bakker, Martinus Arnoud,  |d 1933-2020  |4 aut  |9 1254151 
245 1 0 |a Een geur van verbrande veren  |c Martinus A. Bakker 
650 0 7 |a holandská poézia  |2 snkbucl  |9 183342 
655 7 |a recenzie  |2 snkbucl  |9 21907 
655 7 |a články z novín a časopisov  |2 snkbucl  |9 267496 
773 0 |t Revue svetovej literatúry  |g Roč. 29, č. 1 (1993), s. 174 
787 0 8 |i Rec.:  |a Kouwenaar, Gerrit  |t Een geur van verbrande veren  |d Amsterdam : Querido, 1991 
850 |a Slovenská národná knižnica 
852 |a Slovenská národná knižnica 
958 |a OND 
958 |a RK 
958 |a LX 
958 |a NL 
958 |a EUIPO 
958 |a article15 
999 |c 2228596  |d 2230526